Score 0/20 Timer 07:00
0 Plays Today
Hint Answer % Correct
Team ColorBlue
95.6%
Team ColorWhite
94.4%
NicknameWildcats
89.7%
StatePennsylvania
89.7%
ConferenceBig East
87.9%
CityVillanova
85.5%
No. of Men's Varsity Sports10
79.7%
No. of Women's Varsity Sports12
79.4%
Primary RivalGeorgetown
59.7%
Famous Alum: PG Kyle _____Lowry
54.4%
Hint Answer % Correct
Famous Alum: SG Kerry ______Kittles
49.4%
Basketball ArenaFinneran Pavilion
49%
Famous Alum: SF _____ ArizinPaul
38.8%
Primary RivalSeton Hall
34.7%
Sport w/ most NCAA ChampionshipWomen's Cross Country (9)
23.8%
Fight SongV for Villanova
21.3%
MascotWill D. Cat
20%
Football StadiumVillanova Stadium
17.2%
Athletic DirectorMark Jackson
12.8%
Baseball StadiumVillanova Ballpark at Plymouth
8.4%
Remove Ads.
Support Sporcle.
Get the best of Sporcle when you Go Orange. This ad-free experience offers more features, more stats, and more fun while also helping to support Sporcle. Thank you for becoming a member.

You're not logged in!

Compare scores with friends on all Sporcle quizzes.
OR
Log In

Show Comments

Extras

Top Quizzes Today


Score Distribution

Your Account Isn't Verified!

In order to create a playlist on Sporcle, you need to verify the email address you used during registration. Go to your Sporcle Settings to finish the process.

Report this User

Report this user for behavior that violates our Community Guidelines.

Details: